Tampa Bay Lightning Stanley Cup Rosters - Statistics

General Stats
  • This quiz has been taken 90 times
    79 since last reset
  • The average score is 39 of 85
Answer Stats
No. Player % Correct
86 Nikita Kucherov
97%
86 Nikita Kucherov
97%
77 Victor Hedman
95%
77 Victor Hedman
95%
91 Steven Stamkos
94%
91 Steven Stamkos
94%
21 Brayden Point
91%
21 Brayden Point
91%
26 Martin St. Louis
91%
Head Coach Jon Cooper
84%
Head Coach Jon Cooper
84%
88 Andrei Vasilevskiy
83%
88 Andrei Vasilevskiy
83%
98 Mikhail Sergachev
83%
98 Mikhail Sergachev
83%
4 Vincent Lecavalier
73%
18 Ondrej Palat
67%
18 Ondrej Palat
67%
37 Yanni Gourde
64%
37 Yanni Gourde
64%
71 Anthony Cirelli
63%
71 Anthony Cirelli
63%
17 Alex Killorn
61%
17 Alex Killorn
61%
14 Pat Maroon
61%
14 Pat Maroon
61%
19 Brad Richards
59%
81 Erik Cernak
59%
81 Erik Cernak
59%
9 Tyler Johnson
59%
9 Tyler Johnson
59%
27 Ryan McDonagh
56%
27 Ryan McDonagh
56%
Head Coach John Tortorella
55%
20 Blake Coleman
53%
20 Blake Coleman
53%
General Manager Julien BriseBois
50%
General Manager Julien BriseBois
50%
19 Barclay Goodrow
48%
19 Barclay Goodrow
48%
25 Dave Andreychuk
48%
35 Nikolai Khabibulin
47%
79 Ross Colton
42%
58 David Savard
39%
44 Jan Rutta
39%
44 Jan Rutta
39%
2 Luke Schenn
39%
2 Luke Schenn
39%
22 Dan Boyle
36%
7 Mathieu Joseph
36%
7 Mathieu Joseph
36%
17 Ruslan Fedotenko
36%
13 Cedric Paquette
31%
52 Cal Foote
30%
Owner Jeff Vinik
30%
Owner Jeff Vinik
30%
24 Zach Bogosian
30%
92 Alexander Volkov
28%
35 Curtis McElhinney
28%
35 Curtis McElhinney
28%
33 Fredrik Modin
28%
36 Andre Roy
27%
61 Cory Stillman
25%
22 Kevin Shattenkirk
23%
13 Pavel Kubina
23%
55 Braydon Coburn
22%
23 Carter Verhaeghe
22%
67 Mitchell Stephens
22%
67 Mitchell Stephens
22%
27 Tim Taylor
19%
47 John Grahame
17%
General Manager Jay Feaster
16%
5 Jassen Cullimore
14%
11 Chris Dingman
13%
29 Dmitry Afanasenkov
13%
44 Nolan Pratt
13%
37 Brad Lukowich
11%
55 Darryl Sydor
11%
7 Ben Clymer
9%
Owner Bill Davidson
9%
21 Cory Sarich
9%
9 Eric Perrin
8%
2 Stan Neckar
8%
8 Martin Cibak
6%
38 Darren Rumble
0%
No matching quizzes found
Score Distribution
Percent of People with Each Score
Percentile by Number Answered
Your Score History
You have not taken this quiz since the last reset